| 000 | 00965nam a22002537a 4500 | ||
|---|---|---|---|
| 005 | 20170124102958.0 | ||
| 010 | _aB-073733 | ||
| 020 | _c125.00 | ||
| 035 | _aB-073733 | ||
| 037 | _bCen Lib/Ret | ||
| 040 |
_aDPL _bHN |
||
| 082 |
_aक _bसुरेश |
||
| 100 |
_aसुरेश _96954 |
||
| 245 |
_aसौदा और अन्य कहानियां : _cसुरेश _bकहानी संग्रह / |
||
| 246 |
_aSouda aur anya kahaniyan : kahani sangrah / _bby Suresh |
||
| 260 |
_aदिल्ली _bनीरज बुक डिपो _c2002 |
||
| 270 |
_aसी-32, पटपड़गंज _bदिल्ली _e110092 |
||
| 300 |
_a109पृ. _c21सेमी (सजिल्द) |
||
| 650 |
_aहिन्दी साहित्य _953843 |
||
| 650 |
_aकहानी संग्रह _953844 |
||
| 650 |
_aHindi literature _953845 |
||
| 650 |
_aStories _97500 |
||
| 942 |
_2ddc _cHN _hक _mसुरेश |
||
| 999 |
_c113786 _d113786 |
||